How to read and understand poetry (Record no. 176903)
[ view plain ]
| 000 -LEADER | |
|---|---|
| fixed length control field | 01045cmm a2200265 a 4500 |
| 001 - CONTROL NUMBER | |
| control field | vtls001559160 |
| 003 - CONTROL NUMBER IDENTIFIER | |
| control field | MY-SjTCS |
| 005 - DATE AND TIME OF LATEST TRANSACTION | |
| control field | 20200226121122.0 |
| 008 - FIXED-LENGTH DATA ELEMENTS--GENERAL INFORMATION | |
| fixed length control field | 000725s1999 txu | eng |
| 039 #9 - LEVEL OF BIBLIOGRAPHIC CONTROL AND CODING DETAIL [OBSOLETE] | |
| Level of rules in bibliographic description | 201405051658 |
| Level of effort used to assign nonsubject heading access points | pushpa |
| Level of effort used to assign subject headings | 200705211603 |
| Level of effort used to assign classification | Irma |
| Level of effort used to assign subject headings | 200705211559 |
| Level of effort used to assign classification | Irma |
| Level of effort used to assign subject headings | 200705211559 |
| Level of effort used to assign classification | Irma |
| -- | 200407271902 |
| -- | VLOAD |
| 082 ## - DEWEY DECIMAL CLASSIFICATION NUMBER | |
| Classification number | 808.1 |
| Item number | HOW |
| 245 00 - TITLE STATEMENT | |
| Title | How to read and understand poetry |
| Medium | [electronic resource] |
| 250 ## - EDITION STATEMENT | |
| Edition statement | School ed. |
| 260 ## - PUBLICATION, DISTRIBUTION, ETC. | |
| Place of publication, distribution, etc. | Chicago, Ill. : |
| Name of publisher, distributor, etc. | Clearvue/eav ; |
| Place of publication, distribution, etc. | Dallas, Tex. : |
| Name of publisher, distributor, etc. | Zane Pub., |
| Date of publication, distribution, etc. | c1999 |
| 300 ## - PHYSICAL DESCRIPTION | |
| Extent | 1 computer laser optical disc : |
| Other physical details | sd., col. ; |
| Dimensions | 4 3/4 in. + |
| Accompanying material | 1 user's card. |
| 500 ## - GENERAL NOTE | |
| General note | Title from disc label. |
| 525 ## - SUPPLEMENT NOTE | |
| Supplement note | Accompanied by : Clearvue/eav CD-ROMs : Macintosh and Windows user's guide |
| 650 #0 - SUBJECT ADDED ENTRY--TOPICAL TERM | |
| Topical term or geographic name entry element | Poetry |
| General subdivision | Appreciation |
| Form subdivision | Software. |
| 650 #0 - SUBJECT ADDED ENTRY--TOPICAL TERM | |
| Topical term or geographic name entry element | Poetry |
| General subdivision | Study and teaching |
| Form subdivision | Software. |
| 710 2# - ADDED ENTRY--CORPORATE NAME | |
| Corporate name or jurisdiction name as entry element | Clearvue, Inc. |
| 9 (RLIN) | 96115 |
| 710 2# - ADDED ENTRY--CORPORATE NAME | |
| Corporate name or jurisdiction name as entry element | ZCI Publishing (Firm) |
| 740 0# - ADDED ENTRY--UNCONTROLLED RELATED/ANALYTICAL TITLE | |
| Uncontrolled related/analytical title | Clearvue/eav CD-ROMs : Macintosh and Windows user's guide |
| 920 ## - Programme | |
| Programme | AVEI : CD378 |
| 921 ## - Programme | |
| Programme | CAL : CD10179 |
| Withdrawn status | Lost status | Source of classification or shelving scheme | Damaged status | Not for loan | Home library | Current library | Date acquired | Total Checkouts | Barcode | Date last seen | Date last checked out | Copy number | Koha item type | Public note | Cost, normal purchase price | Cost, replacement price |
|---|---|---|---|---|---|---|---|---|---|---|---|---|---|---|---|---|
| Missing Stock take | Dewey Decimal Classification | Taylor's Library-TC | Taylor's Library-TC | 27/07/2004 | 1000032176 | 12/12/2019 | 09/11/2009 | 1 | Media Resources | CALxx,03000,02,GR | ||||||
| Withdrawn | Dewey Decimal Classification | Taylor's Library-TC | Taylor's Library-TC | 17/05/2007 | 1 | 1000136798 | 12/12/2019 | 26/12/2008 | 1 | Media Resources | CALxx,03000,01,GR | 220.00 | 220.00 |